000 00555nam a2200145Ia 4500
008 200910s9999 xx 000 0 und d
020 _a978-971-98-0418-5
100 _aAduana, Nick L.
245 _cNick L. Aduana
_aSimplified and procedural handbook on transfer and business taxation/
250 _a3rd ed.
260 _aQuezon City:
_bC and E Publishing, Inc.
_c2016
300 _axxiii, 759 pages
_c22 cm.
650 _aInheritance and transfer tax -- law and legislation -- Philippines
650 _aTaxation -- Philippines -- handbooks, manuals, etc.
999 _c364166
_d364166